World order and the United Nations (Record no. 519521)

000 -LEADER
fixed length control field 00376nam a22001097a 4500
082 ## - DEWEY DECIMAL CLASSIFICATION NUMBER
Classification number TNC D613 R137
100 ## - MAIN ENTRY--PERSONAL NAME
Personal name Rajan, M.S.
9 (RLIN) 30623
245 ## - TITLE STATEMENT
Title World order and the United Nations
Remainder of title Essays from a nonaligned perspective
Statement of responsibility, etc by M.S. Rajan
260 ## - PUBLICATION, DISTRIBUTION, ETC. (IMPRINT)
Place of publication, distribution, etc New Delhi
Name of publisher, distributor, etc Har-Anand Publication
Date of publication, distribution, etc 1995
300 ## - PHYSICAL DESCRIPTION
Extent 364p
650 ## - SUBJECT ADDED ENTRY--TOPICAL TERM
Topical term or geographic name as entry element World politics - 1945 - 1989; United Nations
9 (RLIN) 30624
Holdings
Withdrawn status Lost status Source of classification or shelving scheme Damaged status Koha normalized classification for sorting Not for loan Permanent location Current location Date acquired Full call number Barcode Date last seen Price effective from Koha item type
        TNC_D613_R137   Indian Institute of Public Administration Indian Institute of Public Administration 2022-03-16 TNC D613 R137 GR23961 2022-03-16 2022-03-16 GR

Powered by Koha